| 000 | 00661nam a2200181 a 4500 | ||
|---|---|---|---|
| 001 | BRCA_63 | ||
| 005 | 20190320202853.0 | ||
| 008 | 860213s1907 mx-#---###---#000-0#spa-# | ||
| 040 |
_aDLC _cDLC _dDLC |
||
| 050 | 4 |
_aE405.1 _b.B34 1907 |
|
| 100 | 1 |
_aBáez, Victoriano D. _9293 |
|
| 245 | 1 | 0 |
_aEpisodios históricos de la guerra de la intervención y el segundo imperio _cpor Victoriano D. Báez. |
| 260 |
_aOaxaca _bJ.S. Soto _c1907 |
||
| 300 |
_avi, iv, 181 p. _c17 cm. |
||
| 651 | 4 |
_aMéxico _xHistoria _yGuerra de intervención estadounidense, 1846-1848 _9294 |
|
| 651 | 4 |
_aMéxico _xHistoria _yGuerra de reforma e intervención francesa, 1858-1867 _9295 |
|
| 942 |
_2lcc _cB |
||
| 999 |
_c63 _d63 |
||